[Event "SR 1. liga zapad 2011/2012"]
[Site "?"]
[Date "2011.12.11"]
[Round "6.4"]
[White "Chovanec, Milan"]
[Black "Doucha, Ludvik"]
[Result "1/2-1/2"]
[WhiteElo "2137"]
[BlackElo "2102"]
[PlyCount "79"]
[EventDate "2011.??.??"]

1. e4 e5 2. Nf3 d6 3. d4 exd4 4. Nxd4 g6 5. Nc3 Bg7 6. Be3 Nf6 7. Be2 O-O 8.
O-O Re8 9. Qd3 Nbd7 10. f3 Ne5 11. Qd2 d5 12. exd5 Nxd5 13. Nxd5 Qxd5 14. b3 a6
15. c4 Qd6 16. Rad1 c5 17. Nc2 Qe7 18. Qd6 Qxd6 19. Rxd6 Bf8 20. Rd2 Bf5 21.
Kf2 Nc6 22. Bd3 Bxd3 23. Rxd3 Rad8 24. Rfd1 Rxd3 25. Rxd3 Rd8 26. Ke2 f5 27.
Rxd8 Nxd8 28. Ne1 Bd6 29. Nd3 Ne6 30. h3 Kf7 31. g4 Kf6 32. a3 h5 33. b4 b6 34.
bxc5 bxc5 35. Kd2 hxg4 36. hxg4 Ke7 37. Kc3 Kd7 38. gxf5 gxf5 39. Kb3 Kc6 40.
Kc3 1/2-1/2

[Event "SR 1. liga zapad 2011/2012"]
[Site "?"]
[Date "2011.12.11"]
[Round "6.4"]
[White "Drtina, Milan"]
[Black "Jakubek, Peter"]
[Result "0-1"]
[WhiteElo "2247"]
[BlackElo "2144"]
[PlyCount "70"]
[EventDate "2011.??.??"]

1. e4 c6 2. d4 d5 3. Nd2 dxe4 4. Nxe4 Nd7 5. Bc4 Ngf6 6. Ng5 Nd5 7. Bb3 N7f6 8.
Ne2 h6 9. Nf3 Bf5 10. O-O e6 11. Ng3 Bg4 12. h3 Bxf3 13. Qxf3 Be7 14. Bd2 O-O
15. Rad1 a5 16. c4 Nb6 17. Qe2 Qc7 18. Ne4 Nbd7 19. Nc3 Rfe8 20. f4 Rad8 21.
Be3 b6 22. Qf3 Rc8 23. g4 g6 24. Kh1 c5 25. d5 exd5 26. cxd5 Qb7 27. Ba4 Bd6
28. g5 Nh5 29. Nb5 Qb8 30. gxh6 Rxe3 31. Qxe3 Bxf4 32. Qe7 Re8 33. h7+ Kh8 34.
Qxd7 Re2 35. Rd3 Be3 0-1

[Event "SR 1. liga zapad 2011/2012"]
[Site "?"]
[Date "2011.12.11"]
[Round "6.4"]
[White "Hertel, Ondrej"]
[Black "Gombar, Peter"]
[Result "1/2-1/2"]
[WhiteElo "2073"]
[BlackElo "2033"]
[PlyCount "85"]
[EventDate "2011.??.??"]

1. d4 d5 2. Nf3 Nf6 3. c4 e6 4. Bg5 Nbd7 5. e3 Bb4+ 6. Nbd2 O-O 7. cxd5 exd5 8.
Bd3 c6 9. a3 Be7 10. Qc2 Re8 11. O-O h6 12. Bh4 Nh5 13. Bxe7 Qxe7 14. Rfc1 Nhf6
15. b4 a6 16. Nb3 Ne4 17. Bxe4 Qxe4 18. Qxe4 Rxe4 19. Rc3 Re7 20. h3 Nf6 21.
Nc5 Bf5 22. Ne5 Ne4 23. Nxe4 Bxe4 24. Rac1 h5 25. Rb3 f6 26. Nd3 Bxd3 27. Rxd3
Kf7 28. Rb3 Rd7 29. g3 g6 30. Kg2 Re7 31. Rc5 Rd7 32. Kf3 Ke6 33. a4 Kd6 34.
Rb1 Re7 35. Rg1 Rh7 36. Ke2 Rhh8 37. Kd3 Rh7 38. Re1 Re7 39. Rg1 Rh7 40. Rb1
Re7 41. Rb2 Rh7 42. Rc3 Re7 43. Rc5 1/2-1/2

[Event "SR 1. liga zapad 2011/2012"]
[Site "?"]
[Date "2011.12.11"]
[Round "6.4"]
[White "Kvassay, Peter"]
[Black "Stetina, Erik"]
[Result "1-0"]
[WhiteElo "2080"]
[BlackElo "2042"]
[PlyCount "63"]
[EventDate "2011.??.??"]

1. d4 Nf6 2. Nf3 e6 3. e3 b6 4. c4 Bb7 5. a3 d6 6. Nc3 Nbd7 7. Be2 Be7 8. O-O
O-O 9. Qc2 h6 10. e4 e5 11. h3 Nh7 12. Rd1 Bf6 13. dxe5 dxe5 14. Nd5 Qc8 15. b4
c6 16. Ne3 g6 17. c5 Qc7 18. Ng4 h5 19. Nxf6+ Nhxf6 20. Bb2 Rfe8 21. Ng5 Nh7
22. Nxh7 Kxh7 23. Rd6 Nf8 24. Rad1 Qe7 25. Qd2 f6 26. Bc4 Rac8 27. Bc1 g5 28.
h4 Rc7 29. hxg5 fxg5 30. Qe2 g4 31. Qe3 Qg7 32. Rh6+ 1-0

[Event "SR 1. liga zapad 2011/2012"]
[Site "?"]
[Date "2011.12.11"]
[Round "6.4"]
[White "Miklas, Marian"]
[Black "Obona, Jan"]
[Result "1-0"]
[WhiteElo "2143"]
[BlackElo "2151"]
[PlyCount "63"]
[EventDate "2011.??.??"]

1. Nf3 d5 2. c4 c6 3. g3 Nf6 4. Bg2 Bg4 5. cxd5 Nxd5 6. O-O e6 7. d4 Be7 8. e4
Nf6 9. Nc3 O-O 10. Be3 Nbd7 11. Qc2 Qa5 12. h4 h6 13. Nh2 Bh5 14. f3 e5 15.
dxe5 Nxe5 16. g4 Bg6 17. g5 hxg5 18. hxg5 Nh5 19. Ne2 Qa6 20. f4 Nc4 21. Bf2 f5
22. e5 Be8 23. Nf3 g6 24. a4 Ng7 25. a5 Bf7 26. Ra4 Nxa5 27. Ned4 c5 28. Rfa1
cxd4 29. Rxa5 d3 30. Qc7 Qc4 31. Qxe7 Qxf4 32. R5a4 1-0

[Event "SR 1. liga zapad 2011/2012"]
[Site "?"]
[Date "2011.12.11"]
[Round "6.4"]
[White "Pecha, Tomas"]
[Black "Lanc, Alois"]
[Result "1/2-1/2"]
[WhiteElo "2239"]
[BlackElo "2367"]
[PlyCount "102"]
[EventDate "2011.??.??"]

1. e4 e5 2. Nf3 Nc6 3. Bb5 a6 4. Ba4 Nf6 5. O-O Be7 6. Re1 b5 7. Bb3 d6 8. c3
O-O 9. h3 Bb7 10. d3 h6 11. Nbd2 Re8 12. Nf1 Bf8 13. Ng3 Na5 14. Bc2 c5 15. Bd2
Qd7 16. a4 Nc6 17. Qe2 Rad8 18. axb5 axb5 19. Rad1 Ra8 20. Ra1 Rxa1 21. Rxa1 d5
22. Nh2 Ne7 23. Ng4 Nxg4 24. Qxg4 Qc6 25. Nf5 Nxf5 26. Qxf5 dxe4 27. dxe4 Bc8
28. Qf3 Re6 29. Be3 Rf6 30. Qe2 Rg6 31. Kh2 f5 32. f3 f4 33. Bf2 c4 34. b4 Rd6
35. Rd1 Rxd1 36. Qxd1 Be6 37. Qd8 Qc8 38. Qxc8 Bxc8 39. Bd1 Kf7 40. Be2 Be7 41.
Bd1 Kg6 42. Be2 Kh5 43. g4+ fxg3+ 44. Bxg3 Bf6 45. f4+ Kg6 46. f5+ Kf7 47. Bh5+
Ke7 48. Kg2 Bb7 49. Kf3 Bc6 50. Bg6 Kd6 51. h4 Ke7 1/2-1/2

[Event "SR 1. liga zapad 2011/2012"]
[Site "?"]
[Date "2011.12.11"]
[Round "6.4"]
[White "Petrík, Tomáš"]
[Black "Motuz, Karol"]
[Result "1-0"]
[WhiteElo "2522"]
[BlackElo "2346"]
[PlyCount "79"]
[EventDate "2011.??.??"]

1. e4 e6 2. d4 d5 3. Nd2 dxe4 4. Nxe4 Nd7 5. g3 b6 6. Bg2 Rb8 7. Ne2 Bb7 8. O-O
Ngf6 9. Nxf6+ Nxf6 10. Bxb7 Rxb7 11. c3 Be7 12. Bg5 c6 13. Nf4 O-O 14. Qf3 Qd6
15. Rad1 h6 16. Bxf6 Bxf6 17. h4 Rd8 18. Rd3 Rbd7 19. Qg4 Qf8 20. Rfd1 Rd6 21.
Kg2 e5 22. dxe5 Bxe5 23. Rxd6 Rxd6 24. Rxd6 Qxd6 25. Qc8+ Kh7 26. Qf5+ Kg8 27.
Nd3 Bf6 28. h5 Be7 29. Qe4 Bf8 30. Nb4 Qd2 31. Nxc6 Qxb2 32. Qe8 Qa3 33. c4 Qc5
34. Ne5 Qc7 35. Kf3 a6 36. a4 f6 37. Qe6+ Kh7 38. Ng6 Qc5 39. Kg2 Bd6 40. Qe8
1-0

[Event "SR 1. liga zapad 2011/2012"]
[Site "?"]
[Date "2011.12.11"]
[Round "6.4"]
[White "Skrabakova, Katarina"]
[Black "Nicolini, Alexander"]
[Result "0-1"]
[WhiteElo "2047"]
[BlackElo "2154"]
[PlyCount "24"]
[EventDate "2011.??.??"]

1. e4 c6 2. d4 d5 3. exd5 cxd5 4. c4 e6 5. Nc3 Nf6 6. c5 Be7 7. Nf3 O-O 8. Qc2
Nc6 9. Bb5 Bd7 10. a3 Ne4 11. Nxe4 dxe4 12. Qxe4 Qa5+ 0-1

[Event "SR 1. liga zapad 2011/2012"]
[Site "?"]
[Date "2011.12.11"]
[Round "6.5"]
[White "Bednar, Jan"]
[Black "Kovac, Andrej"]
[Result "1/2-1/2"]
[WhiteElo "2128"]
[BlackElo "2154"]
[PlyCount "56"]
[EventDate "2011.??.??"]

1. d4 Nf6 2. c4 e6 3. Nf3 Bb4+ 4. Bd2 Qe7 5. g3 O-O 6. Bg2 Bxd2+ 7. Nfxd2 d6 8.
Nc3 e5 9. d5 a5 10. O-O Na6 11. a3 Bf5 12. e4 Bd7 13. Rb1 Rfb8 14. Re1 c6 15.
f4 Nc5 16. fxe5 dxe5 17. Nf3 a4 18. h3 Re8 19. Kh2 Qd8 20. Qe2 Qa5 21. Nh4 Nb3
22. Rf1 Nd4 23. Qd2 Qc5 24. Qd3 Red8 25. Rbd1 Ne8 26. Nf3 Nxf3+ 27. Rxf3 Nd6
28. Bf1 Be8 1/2-1/2

[Event "SR 1. liga zapad 2011/2012"]
[Site "?"]
[Date "2011.12.11"]
[Round "6.5"]
[White "Djubek, Boris"]
[Black "Machalova, Erika"]
[Result "1/2-1/2"]
[WhiteElo "2172"]
[BlackElo "2102"]
[PlyCount "54"]
[EventDate "2011.??.??"]

1. d4 Nf6 2. c4 e6 3. Nc3 Bb4 4. e3 O-O 5. Nf3 b6 6. Bd3 Bb7 7. O-O d5 8. cxd5
exd5 9. Bd2 c5 10. dxc5 bxc5 11. a3 Ba5 12. Na4 Bb6 13. b4 c4 14. Bf5 Nbd7 15.
Nxb6 axb6 16. Bc3 Re8 17. Qd4 Nf8 18. a4 Bc8 19. Bc2 Ne6 20. Qh4 Ne4 21. Bxe4
Qxh4 22. Nxh4 dxe4 23. Nf5 Rd8 24. Nd4 Nxd4 25. Bxd4 Rd6 26. a5 b5 27. h3 Bb7
1/2-1/2

[Event "SR 1. liga zapad 2011/2012"]
[Site "?"]
[Date "2011.12.11"]
[Round "6.5"]
[White "Federic, Jozef"]
[Black "Peitl, Tomas"]
[Result "1-0"]
[WhiteElo "2270"]
[BlackElo "2214"]
[PlyCount "71"]
[EventDate "2011.??.??"]

1. d4 c5 2. d5 f5 3. Nc3 Nf6 4. Nh3 g6 5. e4 fxe4 6. Ng5 Bg7 7. Bc4 a6 8. a4
O-O 9. O-O d6 10. Ncxe4 Nxe4 11. Nxe4 Nd7 12. Ra3 Rb8 13. Ng5 Nf6 14. a5 h6 15.
Nh3 Bg4 16. Be2 Bf5 17. Nf4 g5 18. Nh5 Nxh5 19. Bxh5 b5 20. axb6 Rxb6 21. b3
Qd7 22. Be2 Ra8 23. Ra4 a5 24. Bd2 Rb7 25. h4 gxh4 26. Bg4 h3 27. Qf3 Rf8 28.
Qxh3 Bxg4 29. Rxg4 e5 30. dxe6 Qe7 31. Bxh6 Qf6 32. e7 Rxe7 33. Bg5 Qe5 34.
Bxe7 Qxe7 35. Qh5 Qf6 36. Rg3 1-0

[Event "SR 1. liga zapad 2011/2012"]
[Site "?"]
[Date "2011.12.11"]
[Round "6.5"]
[White "Machalova, Maria"]
[Black "Hacik, Radomir"]
[Result "0-1"]
[WhiteElo "2184"]
[BlackElo "2158"]
[PlyCount "120"]
[EventDate "2011.??.??"]

1. c4 e5 2. Nc3 Nc6 3. g3 g6 4. Bg2 Bg7 5. d3 Nge7 6. e4 O-O 7. Nge2 f5 8. O-O
d6 9. Nd5 Be6 10. Rb1 Qd7 11. b4 Nd8 12. Bg5 Nc8 13. Qd2 c6 14. Ndc3 Nf7 15.
Be3 Ne7 16. f4 d5 17. cxd5 cxd5 18. exf5 Nxf5 19. Bf2 Rfc8 20. Rfc1 d4 21. Ne4
b6 22. a3 Rxc1+ 23. Rxc1 Rc8 24. Rxc8+ Qxc8 25. fxe5 Bxe5 26. Nf4 Bb3 27. g4
Ne3 28. Bxe3 dxe3 29. Qxe3 Qxg4 30. Ne2 Qh4 31. N2g3 Qf4 32. Qxf4 Bxf4 33. Kf2
Bc1 34. Ne2 Bxa3 35. Nd4 Ba4 36. Nf6+ Kg7 37. Nd5 Bd7 38. Ke2 Ne5 39. Nc2 Bb2
40. Nde3 a5 41. d4 Bb5+ 42. Kd2 Nc4+ 43. Nxc4 Bxc4 44. bxa5 bxa5 45. Bc6 Bb3
46. d5 Be5 47. h3 Kf6 48. Na3 a4 49. Kc1 Bd6 50. Kb2 Bxa3+ 51. Kxa3 Ke5 52. Kb4
g5 53. Kc5 a3 54. d6 Be6 55. Bd5 Bxh3 56. Kc6 Bf5 57. Bc4 g4 58. Bd3 a2 59.
Bxf5 a1=Q 60. d7 Qa8+ 0-1

[Event "SR 1. liga zapad 2011/2012"]
[Site "?"]
[Date "2011.12.11"]
[Round "6.5"]
[White "Maslik, Miroslav"]
[Black "Castiglione, Mario"]
[Result "1-0"]
[WhiteElo "2356"]
[BlackElo "2282"]
[PlyCount "57"]
[EventDate "2011.??.??"]

1. d4 c5 2. d5 f5 3. Nc3 g6 4. e4 fxe4 5. h4 Nf6 6. h5 gxh5 7. Nxe4 Qb6 8.
Nxf6+ Qxf6 9. Qxh5+ Kd8 10. Ne2 Bg7 11. Nc3 Na6 12. Bd3 Nb4 13. Be4 h6 14. a3
Na6 15. Qh4 Qxh4 16. Rxh4 d6 17. Be3 b5 18. Nxb5 Bxb2 19. Rb1 Bg7 20. Bd2 Bd7
21. Bd3 Rb8 22. Ra4 Nc7 23. Rxa7 Nxb5 24. Ba5+ Kc8 25. a4 c4 26. Bxc4 Bd4 27.
Bxb5 Bxb5 28. Rc7+ Kd8 29. Rxb5 1-0

[Event "SR 1. liga zapad 2011/2012"]
[Site "?"]
[Date "2011.12.11"]
[Round "6.5"]
[White "Sosovicka, Juraj"]
[Black "Machalova, Veronika"]
[Result "1/2-1/2"]
[WhiteElo "2198"]
[BlackElo "2209"]
[PlyCount "117"]
[EventDate "2011.??.??"]

1. e4 c5 2. Nf3 d6 3. d4 cxd4 4. Nxd4 Nf6 5. Nc3 Nc6 6. Bg5 e6 7. Qd2 a6 8.
O-O-O Bd7 9. f3 b5 10. Nxc6 Bxc6 11. Ne2 Be7 12. Nd4 Bb7 13. h4 Qc7 14. Bd3 O-O
15. g4 Kh8 16. Qh2 Rac8 17. Be3 Nd7 18. Bg5 Ne5 19. Bxe7 Qxe7 20. Kb1 Qc7 21.
Qe2 d5 22. Rhe1 Nxd3 23. cxd3 Qb6 24. Qe3 dxe4 25. dxe4 Rfd8 26. Nc2 Qc7 27.
Qe2 Qg3 28. h5 h6 29. Rxd8+ Rxd8 30. Rd1 Qh4 31. a3 Qg5 32. Rxd8+ Qxd8 33. Nb4
Kg8 34. Qd3 Qxd3+ 35. Nxd3 Bc8 36. Kc2 f5 37. Kd2 fxg4 38. fxg4 Kf7 39. e5 Bb7
40. Ke3 Bd5 41. b4 Bb7 42. Nc5 Bc8 43. Kd4 Ke7 44. Nd3 Kd7 45. Nc5+ Kc7 46. Ke4
Kc6 47. Nb3 Bb7 48. Nd4+ Kd7+ 49. Kf4 Bd5 50. g5 Ba2 51. gxh6 gxh6 52. Ke3 Bc4
53. Kf3 Bd5+ 54. Kf2 Bc4 55. Ke3 Kc7 56. Kf4 Kd7 57. Ke3 Kc7 58. Kf4 Kd7 59.
Ke3 1/2-1/2

[Event "SR 1. liga zapad 2011/2012"]
[Site "?"]
[Date "2011.12.11"]
[Round "6.5"]
[White "Turna, Stefan"]
[Black "Rohacek, Miroslav"]
[Result "0-1"]
[WhiteElo "2218"]
[BlackElo "2297"]
[PlyCount "164"]
[EventDate "2011.??.??"]

1. d4 d5 2. c4 c6 3. Nc3 Nf6 4. Nf3 a6 5. e3 b5 6. b3 Bg4 7. Be2 Nbd7 8. O-O e6
9. Qc2 Be7 10. Rd1 O-O 11. Bb2 Qb6 12. e4 bxc4 13. bxc4 Nxe4 14. Na4 Qa5 15. h3
Bf5 16. Bd3 Rab8 17. Rac1 Bg6 18. cxd5 cxd5 19. Qc6 Nb6 20. Nxb6 Rxb6 21. Bc3
Nxc3 22. Qxc3 Qxc3 23. Rxc3 Bxd3 24. Rdxd3 Rb1+ 25. Kh2 Rb2 26. Rd2 Bd6+ 27. g3
Rxd2 28. Nxd2 Bb4 29. Rc2 Bxd2 30. Rxd2 Rb8 31. Kg2 Rb4 32. Kf3 Ra4 33. Ke3 Kf8
34. Rb2 Ke7 35. h4 Kf6 36. f3 h5 37. g4 hxg4 38. fxg4 g5 39. Rf2+ Kg6 40. hxg5
Kxg5 41. Rxf7 Ra3+ 42. Ke2 Rxa2+ 43. Ke3 Ra3+ 44. Ke2 a5 45. Rg7+ Kf6 46. Ra7
Rg3 47. Rxa5 Rxg4 48. Ke3 Kf5 49. Ra6 Rg1 50. Rb6 Rg3+ 51. Kd2 Rh3 52. Ra6 Rh6
53. Ke3 Rg6 54. Rb6 Kg4 55. Ra6 Rh6 56. Rb6 Rh3+ 57. Kd2 Kf5 58. Ra6 Ke4 59.
Rxe6+ Kxd4 60. Re7 Rh2+ 61. Kc1 Kd3 62. Rg7 Rh1+ 63. Kb2 Re1 64. Rg3+ Kd2 65.
Rg4 Re4 66. Rg2+ Re2 67. Rg4 Kd3+ 68. Kc1 Re1+ 69. Kb2 d4 70. Rg7 Kd2 71. Rg2+
Re2 72. Rg1 d3 73. Rh1 Rf2 74. Rg1 Rh2 75. Rg7 Rh8 76. Rg2+ Ke3 77. Rg3+ Ke2
78. Rg2+ Kf3 79. Rd2 Ke3 80. Kc1 Rh1+ 81. Rd1 Rxd1+ 82. Kxd1 d2 0-1

[Event "SR 1. liga zapad 2011/2012"]
[Site "?"]
[Date "2011.12.11"]
[Round "6.6"]
[White "Bezuch, Martin"]
[Black "Hartl, Jan"]
[Result "1-0"]
[WhiteElo "2210"]
[BlackElo "2189"]
[PlyCount "59"]
[EventDate "2011.??.??"]

1. e4 e5 2. Nf3 Nc6 3. Bc4 Nf6 4. d3 Be7 5. c3 O-O 6. Bb3 d6 7. O-O Be6 8. Nbd2
Bxb3 9. axb3 Qd7 10. b4 Ne8 11. Nc4 Bf6 12. b5 Nd8 13. Qb3 Ne6 14. Be3 Bd8 15.
Na5 Qc8 16. Qd5 Rb8 17. Qc4 Ra8 18. b4 Nf6 19. Nb3 Nh5 20. Ra2 Nef4 21. h3 g5
22. Nh2 Kh8 23. d4 f5 24. exf5 Qxf5 25. dxe5 dxe5 26. Nc5 b6 27. Ne4 Rg8 28.
Ng4 Ng7 29. Nh6 Qe6 30. Nf7+ 1-0

[Event "SR 1. liga zapad 2011/2012"]
[Site "?"]
[Date "2011.12.11"]
[Round "6.6"]
[White "Certek, Pavel"]
[Black "Gabris, Ondrej"]
[Result "1-0"]
[WhiteElo "2322"]
[BlackElo "2146"]
[PlyCount "113"]
[EventDate "2011.??.??"]

1. Nf3 Nf6 2. d4 d6 3. c4 g6 4. Nc3 Bg7 5. g3 O-O 6. Bg2 c6 7. O-O Qa5 8. e4
Bg4 9. h3 Bxf3 10. Bxf3 Nbd7 11. Be3 a6 12. Rb1 c5 13. dxc5 dxc5 14. Qa4 Qxa4
15. Nxa4 Ne5 16. Be2 Nxe4 17. Nxc5 Nxc5 18. Bxc5 Rfe8 19. b3 Rad8 20. Rfd1 Bf6
21. Bb6 Rd6 22. Rxd6 exd6 23. Kf1 Rc8 24. Rd1 Be7 25. f4 Nd7 26. Be3 Nc5 27.
Bf3 b5 28. cxb5 axb5 29. Rc1 Rb8 30. b4 Nd3 31. Rb1 Bf6 32. Rd1 Nxb4 33. Rxd6
Kg7 34. Rd7 Nc2 35. Ba7 Re8 36. Bd5 Re7 37. Rxe7 Bxe7 38. Bb3 Nb4 39. Ke2 Nc6
40. Bb6 f5 41. Be6 Bf6 42. Kd3 h6 43. Bc5 Be7 44. Be3 Bf6 45. Bd2 g5 46. Bxf5
gxf4 47. gxf4 Nd4 48. Bd7 Nf3 49. Bb4 Nd4 50. Bc5 Nf3 51. Bxb5 Kf7 52. a4 Ke6
53. Bc6 Nh4 54. a5 Ng6 55. f5+ Kxf5 56. Be4+ Kg5 57. Bxg6 1-0

[Event "SR 1. liga zapad 2011/2012"]
[Site "?"]
[Date "2011.12.11"]
[Round "6.6"]
[White "Frindt, Kornel"]
[Black "Ruckschloss, Karol"]
[Result "1/2-1/2"]
[WhiteElo "2223"]
[BlackElo "2290"]
[PlyCount "75"]
[EventDate "2011.??.??"]

1. e4 d6 2. d4 Nf6 3. Nc3 g6 4. Be3 c6 5. Qd2 Ng4 6. Bg5 f6 7. Bf4 e5 8. dxe5
dxe5 9. Qxd8+ Kxd8 10. Bd2 Be6 11. h3 Nh6 12. O-O-O Nd7 13. f4 Nf7 14. Nf3 Kc7
15. g4 exf4 16. Nd4 Re8 17. Nxe6+ Rxe6 18. Bc4 Re7 19. Bxf4+ Nde5 20. Rhf1 Nd6
21. Bb3 Bg7 22. g5 Rf8 23. h4 f5 24. exf5 Nxf5 25. Ne4 Rd8 26. Nf6 Rxd1+ 27.
Rxd1 Kc8 28. h5 gxh5 29. Nxh5 Ng6 30. Nxg7 Nxg7 31. Bd2 Ne6 32. Rh1 Ngf4 33.
Rh4 Ne2+ 34. Kd1 N2d4 35. Bc4 Nf3 36. Bxe6+ Rxe6 37. Rh3 Nxd2 38. Kxd2 1/2-1/2

[Event "SR 1. liga zapad 2011/2012"]
[Site "?"]
[Date "2011.12.11"]
[Round "6.6"]
[White "Hajek, Lukas"]
[Black "Sturc, Jan"]
[Result "0-1"]
[WhiteElo "2038"]
[BlackElo "2031"]
[PlyCount "76"]
[EventDate "2011.??.??"]

1. d4 d5 2. c4 c6 3. Nf3 Nf6 4. e3 e6 5. b3 Ne4 6. Bd3 Bb4+ 7. Nbd2 f5 8. O-O
O-O 9. Bb2 Nd7 10. a3 Bd6 11. c5 Bc7 12. b4 Ndf6 13. a4 Bd7 14. b5 Be8 15. Qb3
Ba5 16. Nb1 Bc7 17. Ba3 Bh5 18. Nbd2 Nxd2 19. Nxd2 Bxh2+ 20. Kxh2 Ng4+ 21. Kg1
f4 22. Nf3 fxe3 23. fxe3 Qc7 24. Ne5 Nxe5 25. dxe5 Qxe5 26. Rfe1 Qg3 27. Qc2
Rf6 28. Bb2 e5 29. Bc3 Raf8 30. Ra2 Rh6 31. Bf5 Bg6 32. e4 dxe4 33. Qb3+ Kh8
34. Rf2 Bxf5 35. Rd1 e3 36. Rf3 Qh2+ 37. Kf1 e2+ 38. Kxe2 Bg4 0-1

[Event "SR 1. liga zapad 2011/2012"]
[Site "?"]
[Date "2011.12.11"]
[Round "6.6"]
[White "Janos, Ivan"]
[Black "Ac, Michal"]
[Result "1-0"]
[WhiteElo "2142"]
[BlackElo "2174"]
[PlyCount "65"]
[EventDate "2011.??.??"]

1. e4 c5 2. Nf3 d6 3. d4 cxd4 4. Nxd4 Nf6 5. Nc3 g6 6. Be3 Bg7 7. f3 O-O 8. Qd2
Nc6 9. Bc4 Bd7 10. O-O-O Rc8 11. Bb3 Ne5 12. Kb1 Nc4 13. Bxc4 Rxc4 14. g4 b5
15. b3 Rc5 16. Nde2 b4 17. Bxc5 bxc3 18. Nxc3 dxc5 19. e5 Qb6 20. g5 Bc6 21.
gxf6 exf6 22. Nd5 Bxd5 23. Qxd5 fxe5 24. Rhe1 Kh8 25. Qd6 Qb7 26. Re4 f5 27.
Rxe5 Qxf3 28. Rxc5 f4 29. Rc7 Qe2 30. Re7 Qg2 31. Qc7 Qg4 32. Rde1 Rg8 33. Rxg7
1-0

[Event "SR 1. liga zapad 2011/2012"]
[Site "?"]
[Date "2011.12.11"]
[Round "6.6"]
[White "Sulek, Viliam"]
[Black "Kimerling, Martin"]
[Result "0-1"]
[WhiteElo "2135"]
[BlackElo "2015"]
[PlyCount "78"]
[EventDate "2011.??.??"]

1. e4 d6 2. d4 Nf6 3. Nc3 g6 4. g3 Bg7 5. Bg2 O-O 6. Nge2 e5 7. dxe5 dxe5 8.
Bg5 c6 9. O-O Qc7 10. h3 Rd8 11. Qc1 Nbd7 12. Qe3 b5 13. Rad1 Bb7 14. Kh2 Nb6
15. b3 a6 16. f4 Rxd1 17. Nxd1 c5 18. f5 Ne8 19. f6 Bh8 20. Nf2 Nxf6 21. Nd3
Nfd7 22. Qf2 f6 23. Be3 Rc8 24. h4 c4 25. Nb4 Qd6 26. Nd5 Nxd5 27. Rd1 Nxe3 28.
Rxd6 Ng4+ 29. Kg1 Nxf2 30. Rxd7 Bc6 31. Ra7 Nxe4 32. Rxa6 f5 33. a4 cxb3 34.
cxb3 bxa4 35. bxa4 Bd5 36. Ra5 Bb7 37. Ra7 Bd5 38. Rd7 Bc6 39. Re7 Bxa4 0-1

[Event "SR 1. liga zapad 2011/2012"]
[Site "?"]
[Date "2011.12.11"]
[Round "6.6"]
[White "Tibensky, Robert"]
[Black "Zetocha, Claudiu"]
[Result "1/2-1/2"]
[WhiteElo "2410"]
[BlackElo "2355"]
[PlyCount "25"]
[EventDate "2011.??.??"]

1. d4 Nf6 2. Bg5 e6 3. e3 b6 4. Nf3 h6 5. Bh4 Bb7 6. Nbd2 c5 7. c3 cxd4 8. exd4
Be7 9. Bxf6 Bxf6 10. Bd3 O-O 11. O-O d6 12. Be4 Qc7 13. a4 1/2-1/2

[Event "SR 1. liga zapad 2011/2012"]
[Site "?"]
[Date "2012.01.08"]
[Round "7.1"]
[White "Bagi, Mate"]
[Black "Csiba, Dominik"]
[Result "1-0"]
[WhiteElo "2309"]
[BlackElo "2357"]
[PlyCount "87"]
[EventDate "2011.??.??"]

1. e4 c5 2. Nf3 d6 3. d4 cxd4 4. Nxd4 Nf6 5. Nc3 a6 6. Bg5 Nbd7 7. Bc4 Qb6 8.
Bb3 e6 9. Qd2 Be7 10. O-O-O Nc5 11. f3 Qc7 12. Kb1 O-O 13. g4 b5 14. a3 Rb8 15.
h4 Bd7 16. h5 a5 17. h6 g6 18. Nf5 exf5 19. Nd5 Nxd5 20. Bxe7 Nxb3 21. Qxd5
Rbc8 22. cxb3 Be6 23. Qd4 f6 24. gxf5 Qxe7 25. fxe6 Rfd8 26. Rc1 Qxe6 27. Rxc8
Rxc8 28. Qa7 Qf7 29. Qa6 Qd7 30. Qxa5 d5 31. Rd1 d4 32. Qb6 d3 33. Qxf6 Rf8 34.
Qe5 Rxf3 35. a4 bxa4 36. bxa4 d2 37. Qd5+ Rf7 38. Rxd2 Qxa4 39. Qd8+ Rf8 40.
Qd5+ Rf7 41. Rf2 Qe8 42. b4 g5 43. Rxf7 Qxf7 44. Qxg5+ 1-0

[Event "SR 1. liga zapad 2011/2012"]
[Site "?"]
[Date "2012.01.08"]
[Round "7.1"]
[White "Baranek, Jozef"]
[Black "Reisel, Frantisek"]
[Result "1/2-1/2"]
[WhiteElo "2152"]
[BlackElo "2085"]
[PlyCount "102"]
[EventDate "2011.??.??"]

1. g3 d5 2. Bg2 c6 3. d4 Nf6 4. Nd2 g6 5. Ngf3 Bg7 6. c4 O-O 7. O-O Nbd7 8. b3
dxc4 9. Nxc4 Nb6 10. Nce5 Ne4 11. Bb2 f6 12. Nd3 Nd5 13. Nd2 Ndc3 14. Qe1 Nxd2
15. Qxd2 Nb5 16. e3 Rb8 17. a4 Nc7 18. Rfd1 Bg4 19. f3 Be6 20. Nc5 Bf7 21. b4
Re8 22. Ra3 Bf8 23. e4 e6 24. Raa1 Qe7 25. Qc3 Bg7 26. f4 Red8 27. Nd3 Ne8 28.
e5 f5 29. Ba3 Qc7 30. Rac1 Bf8 31. Nc5 Qc8 32. h4 Nc7 33. Qb2 Be8 34. Bf1 b6
35. Nd3 Qb7 36. Bg2 Nd5 37. Bf3 Qe7 38. Ra1 Qf7 39. b5 Bxa3 40. Rxa3 Rbc8 41.
Rc1 Rc7 42. Bxd5 cxd5 43. Rac3 Rdc8 44. Nb4 h6 45. Na6 Rxc3 46. Rxc3 Rxc3 47.
Qxc3 Qe7 48. Qc8 Kg7 49. Nb8 Qb4 50. Qxe8 Qe1+ 51. Kg2 Qe2+ 1/2-1/2

[Event "SR 1. liga zapad 2011/2012"]
[Site "?"]
[Date "2012.01.08"]
[Round "7.1"]
[White "Detko, Jan"]
[Black "Berza, Stefan"]
[Result "1-0"]
[WhiteElo "2130"]
[BlackElo "2092"]
[PlyCount "107"]
[EventDate "2011.??.??"]

1. e4 c5 2. Nf3 Nc6 3. Bb5 e6 4. Bxc6 bxc6 5. d3 d6 6. O-O e5 7. h3 Ne7 8. c3
Ng6 9. d4 cxd4 10. cxd4 Be7 11. Qc2 Bd7 12. b3 O-O 13. Na3 Rc8 14. dxe5 Nxe5
15. Nxe5 dxe5 16. Nc4 Qc7 17. Bb2 f6 18. Rfd1 Be6 19. Rd3 Rcd8 20. Rad1 Rxd3
21. Rxd3 Rd8 22. Bc1 Rxd3 23. Qxd3 Qd8 24. Qxd8+ Bxd8 25. Be3 a6 26. Bc5 Bc7
27. Kf1 Kf7 28. Ke2 Ke8 29. Kd3 Kd7 30. Kc3 g6 31. Bf8 Ke8 32. Bc5 Kd7 33. Nb2
Ba5+ 34. Kc2 Bc7 35. Nd3 a5 36. Be3 Bd6 37. Kb2 Kc7 38. Bc5 Bc8 39. Kc3 Ba6 40.
h4 Bxc5 41. Nxc5 Bc8 42. Kc4 f5 43. exf5 gxf5 44. g3 f4 45. gxf4 exf4 46. Kd4
Kd6 47. Nd3 Bf5 48. Nxf4 c5+ 49. Kc4 Ke5 50. Nd3+ Bxd3+ 51. Kxd3 Kf4 52. Kc4 h5
53. Kxc5 Kg4 54. b4 1-0

[Event "SR 1. liga zapad 2011/2012"]
[Site "?"]
[Date "2012.01.08"]
[Round "7.1"]
[White "Dobrotka, Martin"]
[Black "Kukel, Imre 1985"]
[Result "1/2-1/2"]
[WhiteElo "2259"]
[BlackElo "2305"]
[PlyCount "42"]
[EventDate "2011.??.??"]

1. d4 Nf6 2. c4 g6 3. g3 Bg7 4. Bg2 d6 5. Nf3 O-O 6. O-O Nc6 7. Nc3 a6 8. b3
Rb8 9. d5 Na5 10. Nd4 Bd7 11. Bb2 c5 12. dxc6 bxc6 13. Qd2 c5 14. Nf3 Bc6 15.
Rad1 Qb6 16. Ba1 Ne4 17. Nxe4 Bxe4 18. Bxg7 Kxg7 19. Qe3 Bxf3 20. Bxf3 Rfe8 21.
h4 Nc6 1/2-1/2

[Event "SR 1. liga zapad 2011/2012"]
[Site "?"]
[Date "2012.01.08"]
[Round "7.1"]
[White "Gazik, Viktor"]
[Black "Borosova, Zuzana"]
[Result "1-0"]
[WhiteElo "1977"]
[BlackElo "2284"]
[PlyCount "167"]
[EventDate "2011.??.??"]

1. e4 e5 2. Nf3 Nc6 3. Bc4 Bc5 4. c3 Nf6 5. d3 a6 6. Bb3 Ba7 7. Nbd2 O-O 8. O-O
d6 9. h3 h6 10. Re1 Nh5 11. Nf1 Qf6 12. Be3 Nf4 13. Ng3 g6 14. Nh2 h5 15. Qf3
Kg7 16. Rad1 Nd8 17. Bxf4 Qxf4 18. Qxf4 exf4 19. Ne2 g5 20. d4 Nc6 21. Bc2 f6
22. Nf3 Re8 23. Kh2 Re7 24. Nc1 Bd7 25. Nd3 Rae8 26. Nc1 Kh6 27. b3 Nd8 28. a3
Nf7 29. Na2 c6 30. Nc1 Bc8 31. Bd3 Be6 32. Re2 Nd8 33. Rde1 Bg8 34. a4 Nf7 35.
Kg1 Bh7 36. Kf1 Bb8 37. Bc4 Kg7 38. Nd2 Bc7 39. f3 Bb6 40. b4 Bc7 41. a5 Bb8
42. Kg1 Ba7 43. Kh1 Nh6 44. Bd3 Nf7 45. Nc4 Bg6 46. Na3 Rc8 47. Nb3 Rec7 48.
Bc4 Re8 49. Nc1 Rce7 50. Bd3 Bb8 51. c4 Rd8 52. Bc2 Bc7 53. Nb3 Rde8 54. Bd3
Kf8 55. Nc2 Nh6 56. b5 axb5 57. cxb5 cxb5 58. Bxb5 Ra8 59. Nb4 Bxa5 60. Ra1 b6
61. Nd5 Rea7 62. Nxf6 Bf7 63. d5 Ke7 64. Nh7 Rg8 65. Nd4 Be8 66. Bxe8 Kxe8 67.
Nf6+ Kf7 68. Nxg8 Nxg8 69. Rc2 Ne7 70. Nc6 Nxc6 71. Rxc6 Ke7 72. Kh2 h4 73. Kg1
Rb7 74. Kf1 Bb4 75. Ke2 Bc5 76. Kd3 b5 77. e5 b4 78. exd6+ Bxd6 79. Re1+ Kd7
80. Re6 Bc7 81. Rh6 b3 82. Rh7+ Kc8 83. d6 b2 84. Rcxc7+ 1-0